• 首页
  • 本馆介绍
  • 公告通知
  • 最新文献
  • 馆藏检索
  • 电子资源
  • 读者导购
  • 参考咨询
  • 我的图书馆
  • 登录
  • 详细信息显示
  • 放入我的书架
  • 预约/预借图书
  • 作者相关作品
  • 分类相关作品
  • 丛书相关作品
  • 出版社相关作品

书目信息

  • 表格格式
  • 工作单格式
  • 卡片格式
题名:
国家治理现代化中的道德治理与法律治理
    
 
作者: 马振清 著
分册:  
出版信息: 北京   中国书籍出版社  2017
页数: 217页
开本: 24cm
丛书名: 中国书籍·学术之星文库
单 册:
中图分类: D648 , D920.0
科图分类:
主题词: 道德建设--研究--中国 , 社会主义法制--建设--研究--中国
电子资源:
ISBN: 978-7-5068-5530-3
000 01176oam2 2200289 450
001 3917
005 20180527204129.96
010    @a978-7-5068-5530-3@b精装@dCNY68.00
100    @a20170328d2017 em y0chiy50 ea
101 0  @achi
102    @aCN@b110000
105    @ay z 000yy
200 1  @a国家治理现代化中的道德治理与法律治理@9guo jia zhi li xian dai hua zhong de dao de zhi li yu fa lv zhi li@f马振清著
210    @a北京@c中国书籍出版社@d2017
215    @a217页@d24cm
225 1  @a中国书籍·学术之星文库
300    @a北京师范大学“中国化马克思主义理论研究与教育宣传协同创新中心”的阶段性成果
314    @a马振清,北京师范大学马克思主义学院教授,博士生民师,法学博士,政治学博士后。出版学术专著5部,主编教材4部,发表学术论文50余篇。
330    @a本书通过对中国古代道德治理思想的考察和对西方国家道德治理思想的系统梳理,以及对两者之间关系的比较分析,清晰地展现了道德治理产生的理论基础。
461  0 @12001 @a中国书籍·学术之星文库
606 0  @a道德建设@x研究@y中国
606 0  @a社会主义法制@x建设@x研究@y中国
690    @aD648@v5
690    @aD920.0@v5
701  0 @a马振清@9ma zhen qing@4著
801  0 @aCN@b91MARC@c20170328
905    @aMuseLib@dD648@e198
    
    国家治理现代化中的道德治理与法律治理/马振清著.-北京:中国书籍出版社,2017
    217页;24cm.-(中国书籍·学术之星文库)
    北京师范大学“中国化马克思主义理论研究与教育宣传协同创新中心”的阶段性成果
    
    ISBN 978-7-5068-5530-3(精装):CNY68.00
    本书通过对中国古代道德治理思想的考察和对西方国家道德治理思想的系统梳理,以及对两者之间关系的比较分析,清晰地展现了道德治理产生的理论基础。
●
相关链接 在E读中查询图书 在五车中查询图书 在当当中查询图书 在豆瓣中查询图书


正题名:国家治理现代化中的道德治理与法律治理     索取号:D648/198         预约/预借

序号 登录号 条形码 馆藏地/架位号 状态 备注
1 1111154   211111544   第一样本阅览室/ [索取号:D648/198] 在馆    
2 1111155   211111553   教育系资料室/ [索取号:D648/198] 在馆    
3 1111156   211111562   教育系资料室/ [索取号:D648/198] 在馆    
4 1111157   211111571   第一借阅区/ [索取号:D648/198] 在馆    
唐山师范学院图书馆 欢迎您!
大连网信软件有限公司© 版权所有